áp huyết và áp huyết sinh viên Cần Thơ

שמור ב:
מידע ביבליוגרפי
מחבר ראשי: Hứa Hoàng Vũ
פורמט: ספר
שפה:Undetermined
יצא לאור: Cần Thơ Viện Đại Học Cần Thơ - Đại Học Khoa Học - Ban Vạn Vật Học 1971
נושאים:
תגים: הוספת תג
אין תגיות, היה/י הראשונ/ה לתייג את הרשומה!
Thư viện lưu trữ: Trung tâm Học liệu Trường Đại học Cần Thơ
LEADER 00616nam a2200181Ia 4500
001 CTU_33744
008 210402s9999 xx 000 0 und d
082 |a 612.14 
082 |b V500 
100 |a Hứa Hoàng Vũ 
245 0 |a áp huyết và áp huyết sinh viên Cần Thơ 
245 0 |c Hứa Hoàng Vũ 
260 |a Cần Thơ 
260 |b Viện Đại Học Cần Thơ - Đại Học Khoa Học - Ban Vạn Vật Học 
260 |c 1971 
650 |a blood pressure,cardiovascular system 
904 |i Minh, 991109 
980 |a Trung tâm Học liệu Trường Đại học Cần Thơ